| 000 | 00519nam a2200169 i 4500 | ||
|---|---|---|---|
| 001 | 70774 | ||
| 003 | ES-MaACL | ||
| 005 | 20230906170922.0 | ||
| 007 | t| | ||
| 008 | 040802s1968 sp ||||1| spa d | ||
| 100 | 1 |
_aGarnier, P. _955615 |
|
| 245 | 1 | 0 |
_aManual de Contabilidad general _b: principios y aplicaciones / _cpor P. Garnier ; traductor, Jesús Landa. |
| 260 |
_aMadrid : _bIbérico Europea, _c[1968] |
||
| 300 |
_a648 p. ; _c23 cm. |
||
| 700 | 1 |
_aLanda, Jesús. _969915 |
|
| 852 |
_aES-MaACL _jC-47326 _bR.67888 |
||
| 999 |
_c70774 _d70774 |
||